Quels sont les entraineurs des 5 premiers des 5 grands championnats - Statistiques

Statistiques générales
  • Ce quiz a été pris 142 fois
  • Le résultat moyen est 16 sur 25
Statistiques - réponses
Nationnalité Club Réponse % Correct
Italie Real Madrid Ancelotti
98%
Espagne Barcelone Xavi
98%
Allemagne Liverpool Klopp
94%
Espagne Paris SG Enrique
92%
Espagne Arsenal Arteta
90%
Argentine Atletico Madrid Simeone
90%
Allemagne Bayern Munich Tuchel
89%
Espagne Bayer Leverkusen Xabi Alonzo
89%
Epsgane Manchester City Pep Guardiola
88%
Italie Inter milan Inzaghi
76%
Espagne Aston villa Emery
75%
France Lens Haise
73%
Italie Juvetus Allegri
66%
Italie Bologne Thiago Motta
66%
Autriche Monaco Hütter
61%
Italie AC Milan Pioli
59%
Italie Roma De Rossi
56%
France Brest Roy
53%
Portugal Lille Fonseca
50%
Australie Tottenham Postecoglou
41%
Espagne Girone Míchel
39%
Allemagne Leipzig Rose
33%
Allemagne Dortmund Terzic
30%
Espagne Athletic Bilbao Valverde
29%
Allemagne Stuttgart Hoeneß
9%
Aucun quiz correspondant
Distribution des résultats
% des personnes avec chaque résultat
Percentile par nombre de réponses
Votre historique - résultats
Vous n’avez pas pris ce quiz